000 00265nam a2200097Ia 4500
001 654837
005 20250826154525.0
008 250824s9999 xx 000 0 und d
245 0 _aKURTULUŞUN KAHRAMANLARI 20 CASUS MEHMET
_cİSMAİL BİLGİN
260 _bTİMAŞ ÇOCUK
999 _c654837
_d654837